Szczegóły MARC21

Engele von Löwen und andere Erzählungen / Carl Zuckmayer.

003 -Nazwa inst., której nr kontr. jest w polu 001 [,]
    • @
    • Nazwa instytucji, której n kontrolny jest w polu 001
    • NUKAT
005 -DATA I CZAS OSTATNIEJ MODYFIKACJI [,]
    • @
    • pole kontrolne
    • 20241231101358.0
020 -Międzynarod. znormalizowany nr książki - ISBN [ , ]
    • a
    • Numer ISBN
    • 3596225361 Find
040 -Instytucja sporządzająca opis [ , ]
    • a
    • Instytucja, która sporządziła opis (NP)
    • SZCZ U/KP
    • b
    • Język katalogowania
    • pol
    • e
    • Zasady katalogowania
    • rda
    • c
    • Instytucja, która sporządziła rekord (NP)
    • SZCZ U/KPs
942 -Rodzaj dokumentu [ , ]
    • c
    • Rodzaj dokumentu
    • Książka
100 -Hasło główne - nazwa osobowa [1, ]
    • a
    • Nazwa osobowa (NP)
    • Zuckmayer, Carl
    • d
    • Daty biograficzne (NP)
    • (1896-1977).
    • e
    • Rodzaj współpracy
    • Autor
    • 9
    • KHW
    • 258766
245 -Strefa tytułu i oznaczenia odpowiedzialności [1,0]
    • a
    • Tytuł
    • Engele von Löwen und andere Erzählungen / Carl Zuckmayer. Find
260 -Strefa adresu wydawniczego [ , ]
    • a
    • Miejsce wydania (P)
    • Frankfurt am Main :
    • b
    • Nazwa wydawcy (P)
    • Fischer Taschenbuch Verlag,
    • c
    • Data wydania (P)
    • 1983.
300 -Strefa opisu fizycznego [ , ]
    • a
    • Określenie formy książki i/lub objętość (NP)
    • 157, [1] stron ;
    • c
    • Format (NP)
    • 18 cm.
336 -Typ zawartości [ , ]
    • a
    • Termin opisujący typ zawartości
    • Tekst
    • b
    • Kod określający zawartość
    • txt
    • 2
    • Źródło (terminu i kodu)
    • rdacontent
337 -Typ mediów [ , ]
    • a
    • Tryb odtwarzania
    • Bez urządzenia pośredniczącego
    • b
    • Kod typu mediów
    • n
    • 2
    • Źródło (terminu i kodu)
    • rdamedia
338 -Typ/rodzaj nośnika [ , ]
    • a
    • Hasło opisujące typ nośnika
    • Wolumin
    • b
    • Kod typu nośnika
    • nc
    • 2
    • Źródło (terminu i kodu)
    • rdacarrier
490 -Strefa serii i książki wielotomowej - forma nie do wyszukiwania [1, ]
    • a
    • Tytuł (P)
    • Fischer-Taschenbücher ; Find
    • v
    • Numeracja (P)
    • 2536
830 -Hasło dodatkowe serii i opisu książki wielotomowej - tytuł ujednolicony/tytuł [ ,0]
    • a
    • Tytuł ujednolicony/tytuł (NP)
    • Fischer-Taschenbücher
    • x
    • ISSN
    • 0173-5438
    • v
    • Oznaczenie tomu (NP)
    • 2536
    • 9
    • KHW
    • 12187
505 -Uwaga dot. zawartości książki [0, ]
    • a
    • Uwaga dot. zawartości książki
    • Die Geschichte eines Bauern aus dem Taunus ; Geschichte von einer Geburt ; Die Geschichte von einer Entenjagd ; Die Geschichte vom Tümpel ; Die Affenhochzeit ; Die wandernden Hütten ; Die Herz der Könige ; Engele von Löwen.
655 -Hasło w funkcji tematu formalnego [ ,7]
    • a
    • Hasło
    • Proza niemiecka
    • y
    • Określnik chronologiczny
    • 1900-1945.
    • 2
    • Źródło terminu
    • kaba
    • 9
    • KHW
    • 419300
655 -Hasło w funkcji tematu formalnego [ ,7]
    • a
    • Hasło
    • Proza niemiecka
    • y
    • Określnik chronologiczny
    • 1945-.
    • 2
    • Źródło terminu
    • kaba
    • 9
    • KHW
    • 419301
700 -Hasło dodatkowe - nazwa osobowa [1,2]
    • a
    • Nazwa osobowa (NP)
    • Zuckmayer, Carl Find
    • d
    • Daty biograficzne (NP)
    • (1896-1977).
    • t
    • Tytuł ujednolicony/tytuł (NP)
    • Geschichte eines Bauern aus dem Taunus Find
    • l
    • Język tekstu (NP)
    • (niem.)
    • 9
    • KHW
    • 486941
700 -Hasło dodatkowe - nazwa osobowa [1,2]
    • a
    • Nazwa osobowa (NP)
    • Zuckmayer, Carl Find
    • d
    • Daty biograficzne (NP)
    • (1896-1977).
    • t
    • Tytuł ujednolicony/tytuł (NP)
    • Geschichte von einer Geburt Find
    • l
    • Język tekstu (NP)
    • (niem.)
    • 9
    • KHW
    • 486942
700 -Hasło dodatkowe - nazwa osobowa [1,2]
    • a
    • Nazwa osobowa (NP)
    • Zuckmayer, Carl Find
    • d
    • Daty biograficzne (NP)
    • (1896-1977).
    • t
    • Tytuł ujednolicony/tytuł (NP)
    • Affenhochzeit Find
    • l
    • Język tekstu (NP)
    • (niem.)
    • 9
    • KHW
    • 486945
700 -Hasło dodatkowe - nazwa osobowa [1,2]
    • a
    • Nazwa osobowa (NP)
    • Zuckmayer, Carl Find
    • d
    • Daty biograficzne (NP)
    • (1896-1977).
    • t
    • Tytuł ujednolicony/tytuł (NP)
    • Engele von Löwen Find
    • l
    • Język tekstu (NP)
    • (niem.)
    • 9
    • KHW
    • 486948
700 -Hasło dodatkowe - nazwa osobowa [1,2]
    • a
    • Nazwa osobowa (NP)
    • Zuckmayer, Carl Find
    • d
    • Daty biograficzne (NP)
    • (1896-1977).
    • t
    • Tytuł ujednolicony/tytuł (NP)
    • Geschichte von einer Entenjagd Find
    • l
    • Język tekstu (NP)
    • (niem.)
    • 9
    • KHW
    • 486943
700 -Hasło dodatkowe - nazwa osobowa [1,2]
    • a
    • Nazwa osobowa (NP)
    • Zuckmayer, Carl Find
    • d
    • Daty biograficzne (NP)
    • (1896-1977).
    • t
    • Tytuł ujednolicony/tytuł (NP)
    • Herz der Könige Find
    • l
    • Język tekstu (NP)
    • (niem.)
    • 9
    • KHW
    • 486947
700 -Hasło dodatkowe - nazwa osobowa [1,2]
    • a
    • Nazwa osobowa (NP)
    • Zuckmayer, Carl Find
    • d
    • Daty biograficzne (NP)
    • (1896-1977).
    • t
    • Tytuł ujednolicony/tytuł (NP)
    • Wandernden Hütten Find
    • l
    • Język tekstu (NP)
    • (niem.)
    • 9
    • KHW
    • 486946
700 -Hasło dodatkowe - nazwa osobowa [1,2]
    • a
    • Nazwa osobowa (NP)
    • Zuckmayer, Carl Find
    • d
    • Daty biograficzne (NP)
    • (1896-1977).
    • t
    • Tytuł ujednolicony/tytuł (NP)
    • Geschichte von Tümpel Find
    • l
    • Język tekstu (NP)
    • (niem.)
    • 9
    • KHW
    • 486944
710 -Hasło dodatkowe - nazwa ciała zbiorowego [2, ]
    • a
    • Nazwa ciała zbiorowego lub nazwa geograficzna jako pierwszy element (NP)
    • Fischer Taschenbuch Verlag.
    • e
    • Rodzaj współpracy
    • Wydawca
    • 4
    • Kod relacji
    • pbl
    • 9
    • KHW
    • 68672
920 -ISBN [ , ]
    • a
    • ISBN
    • 3-596-22536-1 Find
Lokalizacja Status udost. Numer inwentarzowy Sygnatura
BM-3G.1361Germ. Opowiadania niemieckie